| 000 | 01661nam a2200433Ia 4500 | ||
|---|---|---|---|
| 999 |
_c57572 _d57572 |
||
| 003 | BJBSDDR | ||
| 005 | 20230410121059.0 | ||
| 007 | ta | ||
| 008 | 060613s2006 sp b 000 0 spa d | ||
| 020 | _a8483192519 (pbk.) | ||
| 020 | _a9788483192511 (pbk.) | ||
| 029 | 1 |
_aPL# _b070000383 |
|
| 035 | _a(OCoLC)ocm70079208 | ||
| 035 | _a(OCoLC)70079208 | ||
| 040 |
_aCRU _cCRU _bspa |
||
| 041 | _aspa | ||
| 043 | _anc----- | ||
| 050 | 1 | 4 |
_aJL 1419 _bI99 2006 |
| 245 | 0 | 3 |
_aLa izquierda revolucionaria en Centroamérica : _bde la lucha armada a la participación electoral / _cSalvador Martí i Puig, Carlos Figueroa Ibarra, eds. |
| 260 |
_aMadrid : _bLos Libros de la Catarata, _c2006. |
||
| 300 |
_a223 p. ; _c21 cm. |
||
| 490 | 1 |
_aCatarata ; _v225 |
|
| 504 | _aIncludes bibliographical references (p. 215-223) | ||
| 610 | 2 | 4 | _aFrente Sandinista de Liberación Nacional |
| 610 | 2 | 4 | _aFrente Farabundo Martí para la Liberación Nacional |
| 610 | 2 | 4 | _aUnidad Revolucionaria Nacional Guatemalteca |
| 650 | 0 |
_aPolitical parties _zCentral America. |
|
| 650 | 4 |
_aPartidos políticos _zAmérica Central _94327 |
|
| 650 | 0 |
_aNational liberation movements _zCentral America. |
|
| 650 | 4 |
_aMovimientos de liberación nacional _zAmérica Central _93593 |
|
| 651 | 0 |
_aCentral America _xHistory _y1979- |
|
| 651 | 0 |
_aCentral America _xPolitics and government _y1979- |
|
| 651 | 4 |
_aAmérica Central _xPolítica y gobierno _95208 |
|
| 700 | 1 |
_aMartí i Puig, Salvador, _921888 _d1969- _eeditor |
|
| 700 | 1 |
_aFigueroa Ibarra, Carlos, _921889 _d1952- _eeditor |
|
| 830 | 4 |
_aLos Libros de la catarata ; _v225. _98479 |
|
| 942 |
_2lcc _cBK |
||
| 946 | _aLspaulino | ||